A single stone / (Record no. 590154)

000 -LEADER
fixed length control field 01020cam a2200313 a 4500
001 - CONTROL NUMBER
control field 3431804
003 - CONTROL NUMBER IDENTIFIER
control field NUST
005 - DATE AND TIME OF LATEST TRANSACTION
control field 20220617162930.0
008 - FIXED-LENGTH DATA ELEMENTS--GENERAL INFORMATION
fixed length control field 910318s1991 nyu 000 1 eng
010 ## - LIBRARY OF CONGRESS CONTROL NUMBER
LC control number 91012156
020 ## - INTERNATIONAL STANDARD BOOK NUMBER
International Standard Book Number 0385421184 :
Terms of availability $15.00 ($19.00 Can.)
038 ## - RECORD CONTENT LICENSOR
Staff Name Arshad
040 ## - CATALOGING SOURCE
Original cataloging agency DLC
Transcribing agency DLC
Modifying agency OCoLC
-- DLC
043 ## - GEOGRAPHIC AREA CODE
Geographic area code n-us-ca
050 00 - LIBRARY OF CONGRESS CALL NUMBER
Classification number PS3573.A4266
Item number S57 1991
082 00 - DEWEY DECIMAL CLASSIFICATION NUMBER
Classification number 813.54
Author Mark WAL
100 1# - MAIN ENTRY--PERSONAL NAME
Personal name Wallace, Marilyn.
9 (RLIN) 92059
245 12 - TITLE STATEMENT
Title A single stone /
Statement of responsibility, etc. Marilyn Wallace.
250 ## - EDITION STATEMENT
Edition statement 1st ed. in the U.S. of America
260 ## - PUBLICATION, DISTRIBUTION, ETC.
Place of publication, distribution, etc. New York :
Name of publisher, distributor, etc. Doubleday,
Date of publication, distribution, etc. 1991.
300 ## - PHYSICAL DESCRIPTION
Extent 292 p. ;
Dimensions 22 cm.
500 ## - GENERAL NOTE
General note "A Perfect crime book."
651 #0 - SUBJECT ADDED ENTRY--GEOGRAPHIC NAME
Geographic name Oakland (Calif.)
General subdivision Fiction.
9 (RLIN) 92060
655 #7 - INDEX TERM--GENRE/FORM
Genre/form data or focus term Psychological fiction.
Source of term lcsh
655 #7 - INDEX TERM--GENRE/FORM
Genre/form data or focus term Detective and mystery stories.
Source of term gsafd
906 ## - LOCAL DATA ELEMENT F, LDF (RLIN)
a 7
b cbc
c orignew
d 1
e ocip
f 19
g y-gencatlg
942 ## - ADDED ENTRY ELEMENTS (KOHA)
Source of classification or shelving scheme
Koha item type Book
Holdings
Withdrawn status Lost status Source of classification or shelving scheme Damaged status Not for loan Permanent Location Current Location Shelving location Date acquired Total Checkouts Total Renewals Full call number Barcode Checked out Date last seen Date last checked out Price effective from Koha item type
          Central Library (CL) Central Library (CL) Fiction 06/17/2022 2 3 813.54 WAL CL3369 12/18/2023 02/15/2023 12/20/2022 06/17/2022 Book
© 2023 Central Library, National University of Sciences and Technology. All Rights Reserved.